01559nam a2200361 a 4500001001000000003000500010005001700015008004100032010001100073011001100084040000900095090001000104100004500114245019700159260004100356500006000397502007700457590004100534590004100575590003900616590003900655650003500694650002600729650003700755650001800792856007000810901000700880942001000887942000600897999001900903952014000922952013501062000108646CHAP20220329144019.0140228s2012 mx | |sm |||||||spa|d a105108 a106080 cCHAP aTesis1 aVidal Bonifacio, María Obdulia912568010aProductos y usos de la palma (Brahea dulcis [H.B.K.] Mart) en Santa Inés Ahuatempan, Puebla, como alternativa de desarrollo rural regionalh[En línea]cpor María Obdulia Vidal Bonifacio. aChapingo, Méx. :bEl autor,c2012. aPara ver el contenido del material haga clic en la liga aTesis (Ing. Agr. Esp. en Fitotecnia) -- UACH. Departamento de Fitotecnia aBATCH-UPDb05c20140324lUCH01h1536 aBATCH-UPDb05c20141002lUCH01h0857 aE792CSJb05c20140228lUCH01h1350 aE792CSJb05c20140228lUCH01h135014aArtes y oficioszPuebla.9776014aBrahea dulcis.91498814aDesarrollo ruralzPuebla.93207514aPalma.984937 aFinding aiduhttp://10.13.5.2/tesis/sist108646.pdfzTeclea aquí aBK cTESIS n0 c105108d105108 00102local4053708TESISaBCbBCcPA_TESISd2014-02-28fTESISl0oTesisp33724002358439r2019-12-31 00:00:00tc.2w2019-12-31yTESIS 00102local4051708TESISaBCbBCcPA_TESISd2014-02-28fTESISl0oTesisp33724002359090r2019-12-31 00:00:00w2014-02-28yTESIS